| 000 | 00734nam a22002057a 4500 | ||
|---|---|---|---|
| 003 | 0 | ||
| 005 | 20250219155555.0 | ||
| 008 | 250219b xxu||||| |||| 00| 0 eng d | ||
| 050 |
_aHF 5546.5 _b.L37 2023 |
||
| 100 | _aLasala, Jazmine C. | ||
| 245 |
_a The effectives of point of sale systems of selected restaurants in batangas city. _cJazmine C. Lasala |
||
| 260 |
_aLas Pinas City _bSouthville International School and Colleges _c2023 |
||
| 300 |
_axi, 154 pages; _c28cm. |
||
| 500 | _aBachelor of Science in Accountancy | ||
| 504 | _aIncludes bibliographical references and appendices. | ||
| 650 | _aPoint of Sale (POS) Systems. | ||
| 650 | _aPOS System Effectiveness. | ||
| 650 | _aRestaurant Management. | ||
| 942 |
_2lcc _cTH |
||
| 999 |
_c367251 _d367251 |
||